00230 2200109 4500245002200000250001100022100002400033650001600057005001900073041001400092084001400106 aTARI BETAWIhText aCet. 1 aWenny Yulianingrum, aKarya Siswa a20250424100456 aIndonesia a081 WEN t